000 00817am a2200313a 44500
003 AR-BaBNM
005 20251128211152.0
008 063020s1983 #AR|||||||||||000 | spa||
040 _cAR-BaBNM
245 1 0 _aEducación popular en América
260 _aCochabamba
_bEdiciones Runa
_c1983
300 _a88 p.
504 _aContiene referencias bibliográficas al final de cada artículo
650 4 _aALFABETIZACION
650 4 _aGRUPOS ETNICOS
650 4 _aESCLAVITUD
650 4 _aESCOLARIDAD
650 4 _aABORIGENES
651 4 _aAmérica Latina
651 4 _aMéxico
651 4 _aArgentina
651 4 _aBolivia
651 4 _aRepública Dominicana
651 4 _aHaití
653 _aEDUCACION POPULAR
700 1 _aRojas Aspiazu, Luis
_ecoordinador
942 _cBK
998 _craquel
999 _c18552
_d18552